000 00538nam a2200157 a 4500
001 000026660
005 20200930030334.0
008 110324s1970 ve r 000 0 spa d
040 _aDO-SdBNP
_bspa
_cBNPHU
082 _axxxx
_bA447a
100 1 _aArmellada, Cesareo de,
_d1907-
_953788
245 1 0 _aActas del concilio provincial de Santo Domingo (1622-1623) /
_cCesareo de Armellada.
260 _aCaracas :
_bInstituto de Investigaciones Históricas,
_c1970.
300 _a128 p. ;
_c25 cm.
500 _aIncluye notas a pie de las páginas
999 _c26152
_d26152